[Event "FRA-chT4 0506"]
[Site "Bretagne"]
[Date "2005.12.04"]
[Round "3"]
[White "Moricel, Julien"]
[Black "Le Bail, Arielle"]
[Result "0-1"]
[WhiteElo "1470"]
[BlackElo "1790"]
[PlyCount "64"]
[EventDate "2005.10.16"]
[EventType "team-tourn"]
[EventRounds "7"]
[EventCountry "FRA"]
[SourceTitle "EXT 2007"]
[Source "ChessBase"]
[SourceDate "2006.11.23"]
[SourceVersion "1"]
[SourceVersionDate "2006.11.23"]
[SourceQuality "1"]

1. d4 e6 2. Nf3 f5 3. c4 Nf6 4. Nc3 b6 5. e3 Bb7 6. d5 exd5 7. Nxd5 Nxd5 8. cxd5 Bb4+ 9. Bd2 Bxd2+ 10. Qxd2 0-0 11. Bc4 Kh8 12. 0-0 Na6 13. Bxa6 Bxa6 14. Rfd1 Rf6 15. Rac1 Rc8 16. Rc3 Bb7 17. Rdc1 Rd6 18. Rd3 Qg8 19. Rd1 Qf7 20. Ne5 Qh5 21. Nf3 Re8 22. Qb4 Qf7 23. Ng5 Qf6 24. Nf3 Re4 25. Qc3 Qxc3 26. bxc3 Ra4 27. R1d2 g6 28. h3 Kg7 29. g3 Kf6 30. h4 Rc4 31. Rd4 Rxd4 32. Rxd4 Rxd5 0-1